Chemical engineering plant design (Record no. 18678)

000 -LEADER
fixed length control field 00563nam a22002051 4500
001 - CONTROL NUMBER
control field 18678
003 - CONTROL NUMBER IDENTIFIER
control field BD-DhUET
008 - FIXED-LENGTH DATA ELEMENTS--GENERAL INFORMATION
fixed length control field 840411s1959 nyua 000 0 eng
040 ## - CATALOGING SOURCE
Original cataloging agency DLC/ICU
Transcribing agency ICU
Modifying agency BD-DhUET
082 00 - DEWEY DECIMAL CLASSIFICATION NUMBER
Classification number 660.28
Item number VIL/1959
100 1# - MAIN ENTRY--PERSONAL NAME
Personal name Vilbrandt, Frank C.
245 10 - TITLE STATEMENT
Title Chemical engineering plant design
250 ## - EDITION STATEMENT
Edition statement 4th ed.
260 ## - PUBLICATION, DISTRIBUTION, ETC. (IMPRINT)
Place of publication, distribution, etc. New York
Name of publisher, distributor, etc. McGraw-Hill
Date of publication, distribution, etc. 1959
300 ## - PHYSICAL DESCRIPTION
Extent 534 p.
Other physical details illus.
Dimensions 24 cm.
490 0# - SERIES STATEMENT
Series statement McGraw-Hill series in chemical engineering
650 #0 - SUBJECT ADDED ENTRY--TOPICAL TERM
Topical term or geographic name as entry element Chemical engineering
700 ## - ADDED ENTRY--PERSONAL NAME
Personal name Dryden, Charles E.
942 ## - ADDED ENTRY ELEMENTS (KOHA)
Koha item type General Book
Holdings
Copy number Lost status Koha normalized classification for sorting Sublocation or collection (holding branch) Damaged status Date acquired Koha item type Piece designation (barcode) Location (home branch) Koha full call number Not for loan Price effective from Source of classification or shelving scheme Withdrawn status Shelving location Koha date last seen
1 660_280000000000000_VIL_1959Central Library, BUET 2015-03-31General Book16370Central Library, BUET660.28/VIL/1959 2015-03-31  Circulation section2015-03-31
2 660_280000000000000_VIL_1959Central Library, BUET 2015-03-31General Book24467Central Library, BUET660.28/VIL/1959 2015-03-31  Circulation section2015-03-31
3 660_280000000000000_VIL_1959Central Library, BUET 2015-03-31Contented Book 24468Central Library, BUET660.28/VIL/1959 2015-03-31  Circulation section2015-03-31
4 660_280000000000000_VIL_1959Central Library, BUET 2015-03-31General Book16369Central Library, BUET660.28/VIL/1959 2015-03-31  Circulation section2015-03-31
5 660_280000000000000_VIL_1959Central Library, BUET 2015-05-14General Book1060Central Library, BUET660.28/VIL/1959 2015-05-14  Circulation section2015-05-14
6 660_280000000000000_VIL_1959Central Library, BUET 2015-05-14General Book11229Central Library, BUET660.28/VIL/1959 2015-05-14  Circulation section2015-05-14
7 660_280000000000000_VIL_1959Central Library, BUET 2015-06-18Reading Item11231Central Library, BUET660.28/VIL/1959 2015-06-18  Reading section2015-06-18